[Event "Girls 18-wycc"]
[Site "Vung Tau city"]
[Date "2008.10.26"]
[EventDate "2008.10.20"]
[Round "7.7"]
[Result "1/2-1/2"]
[White "Kubra Ozturk"]
[Black "Katerina Palkova"]
[WhiteElo "2254"]
[BlackElo "2057"]
[PlyCount "116"]

1. d4 Nf6 2. c4 e6 3. Nf3 Bb4+ 4. Bd2 Bxd2+ 5. Qxd2 O-O 6. g3
b6 7. Bg2 Bb7 8. O-O d5 9. Qc2 Nbd7 10. Nbd2 c5 11. cxd5 Nxd5
12. a3 Rc8 13. dxc5 Rxc5 14. Qd3 Qc8 15. Rfe1 Ba6 16. Qd4 N7f6
17. e4 Ne7 18. Bf1 Bxf1 19. Rxf1 Rd8 20. Qa4 Qc7 21. Rad1 Rd3
22. Nb3 Rc4 23. Qb5 Rxd1 24. Rxd1 g6 25. e5 Nfd5 26. Qe8+ Kg7
27. Nbd4 Rc1 28. Rxc1 Qxc1+ 29. Kg2 Nf5 30. Nxf5+ gxf5 31. Qb5
Qc2 32. Kf1 Qb1+ 33. Kg2 Qe4 34. Qb3 Qg4 35. Kg1 f4 36. Qd3 h5
37. Ne1 h4 38. Qf3 Qxf3 39. Nxf3 hxg3 40. fxg3 fxg3 41. hxg3
Ne3 42. b3 Ng4 43. Kf1 Kg6 44. Ke2 Kf5 45. Nd4+ Ke4 46. Nb5
Nxe5 47. Nxa7 f5 48. Nb5 Nc6 49. Nc3+ Kd4 50. Kd2 Na5 51. Ne2+
Kd5 52. Kc3 e5 53. a4 Nc6 54. Kd3 Nb4+ 55. Ke3 Nc2+ 56. Kd3
Nb4+ 57. Ke3 Nc2+ 58. Kd3 Nb4+ 1/2-1/2

[Event "Girls 18-wycc"]
[Site "Vung Tau city"]
[Date "2008.10.27"]
[EventDate "2008.10.20"]
[Round "8.6"]
[Result "0-1"]
[White "Kubra Ozturk"]
[Black "Rajkumar Preethi"]
[WhiteElo "2254"]
[BlackElo "2156"]
[PlyCount "170"]

1. d4 Nf6 2. c4 e6 3. Nf3 b6 4. e3 Bb7 5. Bd3 Ne4 6. Nbd2 f5
7. a3 Be7 8. Qc2 d5 9. b4 O-O 10. Bb2 a6 11. Rc1 c6 12. Ne5
Bd6 13. Ndf3 Nd7 14. Nxd7 Qxd7 15. c5 bxc5 16. dxc5 Bc7
17. Ne5 Qe8 18. f3 Nf6 19. O-O Qh5 20. Be2 Qe8 21. Bd4 Nd7
22. Nxd7 Qxd7 23. f4 e5 24. fxe5 Rae8 25. Bd3 g6 26. Qe2 Qc8
27. Rf3 Bxe5 28. Qb2 Qc7 29. Bxe5 Rxe5 30. a4 Rfe8 31. Qd4 Qe7
32. Kf2 Rd8 33. Rd1 Rc8 34. Rc1 Rd8 35. Rd1 Rc8 36. h4 Rf8
37. Qf4 Bc8 38. Qg5 f4 39. Qxe7 fxe3+ 40. Kg3 Rxe7 41. Re1 d4
42. b5 axb5 43. axb5 cxb5 44. Bxb5 Re5 45. Bc4+ Kg7 46. Rd1
Rd8 47. c6 Bf5 48. c7 Rc8 49. Rxd4 e2 50. Bxe2 Rxe2 51. Rc3
Re7 52. Rdc4 h5 53. Rc1 Kf6 54. Kf4 Re2 55. Kf3 Rd2 56. g3 Ke5
57. Rc5+ Kd6 58. R5c4 Kd5 59. Rc5+ Kd6 60. Rc6+ Ke7 61. Ke3
Rd6 62. R6c4 Kd7 63. Kf4 Be6 64. R4c3 Bd5 65. g4 Rc6 66. Rxc6
Bxc6 67. gxh5 gxh5 68. Rc5 Rf8+ 69. Ke3 Re8+ 70. Kf2 Rf8+
71. Ke3 Rf3+ 72. Kd2 Kxc7 73. Rxh5 Kd6 74. Rh6+ Kc5 75. Ke2
Be4 76. Rh8 Rh3 77. Kf2 Kd4 78. h5 Ke5 79. h6 Kf4 80. Ke2 Rh2+
81. Kd1 Ke3 82. Kc1 Rc2+ 83. Kd1 Rc6 84. Re8 Rxh6 85. Kc1 Rb6
0-1

[Event "Girls 18-wycc"]
[Site "Vung Tau city"]
[Date "2008.10.28"]
[EventDate "2008.10.20"]
[Round "9.11"]
[Result "1/2-1/2"]
[White "Zrinka Deur Saric"]
[Black "Kubra Ozturk"]
[WhiteElo "2003"]
[BlackElo "2254"]
[PlyCount "40"]

1. e4 e5 2. Nf3 Nc6 3. Bb5 a6 4. Ba4 Nf6 5. O-O b5 6. Bb3 Bb7
7. Re1 Bc5 8. c3 d6 9. d3 h6 10. Nbd2 O-O 11. Nf1 Re8 12. Ne3
Ba7 13. Nf5 Bc8 14. Ne3 Be6 15. Nd5 Na5 16. Nxf6+ Qxf6
17. Bxe6 fxe6 18. Be3 Nc6 19. Bxa7 Rxa7 20. a4 Rb7 1/2-1/2

[Event "Girls 18-wycc"]
[Site "Vung Tau city"]
[Date "2008.10.29"]
[EventDate "2008.10.20"]
[Round "10.11"]
[Result "0-1"]
[White "Ezet Roos"]
[Black "Kubra Ozturk"]
[WhiteElo "1731"]
[BlackElo "2254"]
[PlyCount "74"]

1. e4 e5 2. Nf3 Nc6 3. Bb5 a6 4. Ba4 Nf6 5. O-O b5 6. Bb3 Bb7
7. Re1 Bc5 8. h3 d6 9. c3 Bb6 10. a4 O-O 11. d3 Na5 12. Bc2 c5
13. Na3 Qd7 14. Be3 Ba7 15. axb5 axb5 16. Qd2 c4 17. Bxa7 Rxa7
18. d4 Nxe4 19. Qe3 exd4 20. Nxd4 Nc5 21. Bf5 Qd8 22. Ndxb5
Ra6 23. Rad1 Qf6 24. Bc2 Ne6 25. Nxd6 Bxg2 26. Ne4 Bxe4
27. Bxe4 Nf4 28. Rd4 Re6 29. Kh2 Nc6 30. Rxc4 Ne5 31. Rc5 Nfd3
32. Qg3 Nxe1 33. Bg2 N1f3+ 34. Bxf3 Nxf3+ 35. Kg2 Re1 36. h4
Rg1+ 37. Kh3 Qe6+ 0-1

[Event "Girls 18-wycc"]
[Site "Vung Tau city"]
[Date "2008.10.30"]
[EventDate "2008.10.20"]
[Round "11.12"]
[Result "0-1"]
[White "Kubra Ozturk"]
[Black "Anna Shlakich"]
[WhiteElo "2254"]
[BlackElo "2203"]
[PlyCount "78"]

1. d4 d5 2. c4 c6 3. e3 Nf6 4. Nf3 a6 5. Nc3 b5 6. b3 Bg4
7. Be2 e6 8. Bb2 Nbd7 9. h3 Bh5 10. O-O Be7 11. Ne5 Bxe2
12. Nxe2 Nxe5 13. dxe5 Ne4 14. cxd5 cxd5 15. Nd4 Rc8 16. Qg4
O-O 17. f4 Bc5 18. h4 h5 19. Qxh5 Ng3 20. Qg4 Nxf1 21. Rxf1 f5
22. exf6 Qxf6 23. Rf2 Bxd4 24. Bxd4 Qh6 25. Kh2 Rf5 26. g3 Rf7
27. Be5 Rc6 28. Qd1 Qg6 29. b4 Rc4 30. a3 Qe4 31. Bd4 Rfc7
32. Qh5 Qf5 33. Qe8+ Kh7 34. Bc5 Qg4 35. Qa8 Rf7 36. Bd4 Rf5
37. Qa7 Rc1 38. Qe7 Re1 39. Kg2 e5 0-1

[Event "Women's Olympiad"]
[Site "Dresden GER"]
[Date "2008.11.13"]
[EventDate "2008.11.13"]
[Round "1"]
[Result "1/2-1/2"]
[White "Maria Machalova"]
[Black "Kubra Ozturk"]
[WhiteElo "2187"]
[BlackElo "2254"]
[PlyCount "72"]

1. c4 e5 2. Nc3 Nf6 3. g3 d5 4. cxd5 Nxd5 5. Bg2 Nb6 6. Nf3
Nc6 7. d3 Be7 8. O-O O-O 9. a3 a5 10. Be3 Be6 11. Na4 Bd5
12. Nc3 Be6 13. Na4 Nd5 14. Bc5 Bd6 15. Rc1 f6 16. Bxd6 cxd6
17. e4 Nb6 18. d4 Nxd4 19. Nxd4 exd4 20. Qxd4 Nxa4 21. Qxa4
Qb6 22. b4 axb4 23. Qxb4 Qxb4 24. axb4 Ra4 25. Rfd1 Rxb4
26. Rxd6 Re8 27. h4 Kf7 28. Rc5 Rb1+ 29. Kh2 Rb2 30. Kg1 Ke7
31. Rd4 Rc8 32. Rxc8 Bxc8 33. Rc4 Bd7 34. e5 fxe5 35. Rc7 Kd6
36. Rxb7 Rxb7 1/2-1/2

[Event "Women's Olympiad"]
[Site "Dresden GER"]
[Date "2008.11.14"]
[EventDate "2008.11.13"]
[Round "2"]
[Result "1-0"]
[White "Kubra Ozturk"]
[Black "Carmen de Jager"]
[WhiteElo "2254"]
[BlackElo "1800"]
[PlyCount "83"]

1. e4 Nf6 2. e5 Nd5 3. c4 Nb6 4. d4 d6 5. exd6 exd6 6. h3 Be7
7. Nf3 Bf5 8. Nc3 O-O 9. Be2 Bf6 10. Be3 Re8 11. O-O c6
12. Rc1 d5 13. c5 Nc4 14. Bxc4 dxc4 15. Qa4 Bd3 16. Rfd1 Nd7
17. b3 b5 18. cxb6 axb6 19. Qxc6 Re6 20. Qd5 Ra5 21. Qb7 b5
22. b4 Ra8 23. Qxb5 Rb6 24. Qh5 g6 25. Qg4 Bg7 26. Ne1 Bf5
27. Qe2 Rxb4 28. g4 Bd3 29. Nxd3 cxd3 30. Rxd3 Nb6 31. Qf3 Ra3
32. Nd5 Rxd3 33. Nxb4 Ra3 34. Qb7 Bf8 35. Nc6 Qe8 36. Ne5 f6
37. Qxb6 fxe5 38. dxe5 Qxe5 39. Rc8 Qa1+ 40. Kg2 Qxa2 41. Qc5
Qf7 42. Rxf8+ 1-0

[Event "Women's Olympiad"]
[Site "Dresden GER"]
[Date "2008.11.16"]
[EventDate "2008.11.13"]
[Round "4"]
[Result "1/2-1/2"]
[White "Kubra Ozturk"]
[Black "Mairelys Delgado Crespo"]
[WhiteElo "2254"]
[BlackElo "2277"]
[PlyCount "74"]

1. d4 d5 2. c4 e6 3. Nf3 Nf6 4. Bg5 Be7 5. e3 Nbd7 6. Nc3 O-O
7. a3 Ne4 8. Bxe7 Qxe7 9. Rc1 Nxc3 10. Rxc3 c6 11. Bd3 e5
12. dxe5 Nxe5 13. Nxe5 Qxe5 14. cxd5 Qxd5 15. O-O Bf5 16. Bxf5
Qxf5 17. Qb3 Qd7 18. Rd1 Qe7 19. Rcd3 Rad8 20. h3 Rxd3
21. Rxd3 g6 22. Qd1 Qe5 23. b4 a5 24. Rd7 axb4 25. axb4 Ra8
26. Rd8+ Rxd8 27. Qxd8+ Kg7 28. Qb6 Qa1+ 29. Kh2 Qe5+ 30. f4
Qe7 31. Kg3 Qe4 32. Kf2 Qc2+ 33. Kf3 Qd1+ 34. Kf2 Qd2+ 35. Kg3
h5 36. Kf3 Qd1+ 37. Kf2 Qd2+ 1/2-1/2

[Event "Women's Olympiad"]
[Site "Dresden GER"]
[Date "2008.11.17"]
[EventDate "2008.11.13"]
[Round "5"]
[Result "0-1"]
[White "Erika Uusitupa"]
[Black "Kubra Ozturk"]
[WhiteElo "1702"]
[BlackElo "2254"]
[PlyCount "72"]

1. e4 e5 2. Nf3 Nc6 3. d4 exd4 4. Nxd4 Bc5 5. Be3 Qf6 6. c3
Qg6 7. Qf3 Bxd4 8. Bxd4 Nge7 9. Bd3 Nxd4 10. cxd4 Qb6 11. Bc4
O-O 12. Qc3 d5 13. exd5 Bf5 14. O-O Rad8 15. Nd2 Nxd5 16. Bxd5
Rxd5 17. Nb3 Rfd8 18. Rfe1 Qd6 19. Re5 Rxe5 20. dxe5 Qd1+
21. Qe1 Qxe1+ 22. Rxe1 b6 23. f4 Be6 24. Re3 c5 25. Kf2 Kf8
26. h3 c4 27. Nc1 Rd4 28. Kg3 Rd1 29. Rc3 b5 30. a3 a5 31. Na2
Rd2 32. Nc1 Rxb2 33. Kf3 Bd5+ 34. Ke3 b4 35. axb4 axb4 36. Kd4
bxc3 0-1

[Event "Women's Olympiad"]
[Site "Dresden GER"]
[Date "2008.11.19"]
[EventDate "2008.11.13"]
[Round "6"]
[Result "1-0"]
[White "Kubra Ozturk"]
[Black "Milena Herrera Rodriguez"]
[WhiteElo "2254"]
[BlackElo "2070"]
[PlyCount "55"]

1. d4 Nf6 2. Nf3 e6 3. c4 c5 4. g3 b6 5. d5 exd5 6. cxd5 Bb7
7. Nc3 d6 8. Bg2 b5 9. Nxb5 Nxd5 10. O-O Nc7 11. Nc3 d5
12. Ne5 Bd6 13. Qa4+ Kf8 14. Bf4 f6 15. Nd7+ Ke7 16. Bxd6+
Kxd6 17. Nxb8 Qxb8 18. Rfd1 Rd8 19. Qg4 g6 20. b4 cxb4
21. Qxb4+ Ke6 22. Rab1 Ba6 23. Qc5 Qc8 24. Nxd5 Rd7 25. Nxc7+
Rxc7 26. Qd5+ Ke7 27. Qxa8 Bc4 28. Rb7 1-0

[Event "Women's Olympiad"]
[Site "Dresden GER"]
[Date "2008.11.20"]
[EventDate "2008.11.13"]
[Round "7"]
[Result "1-0"]
[White "Kubra Ozturk"]
[Black "Amy Officer"]
[WhiteElo "2254"]
[BlackElo "1813"]
[PlyCount "63"]

1. d4 d5 2. c4 c6 3. Nf3 Nf6 4. Qc2 g6 5. Bf4 dxc4 6. Qxc4 Bg7
7. g3 O-O 8. Bg2 Qb6 9. Qc1 Rd8 10. O-O Na6 11. Nbd2 Nb4
12. Nc4 Qa6 13. Bc7 Re8 14. a3 Nbd5 15. Be5 Bf5 16. Re1 h6
17. Nfd2 b5 18. Ne3 Be6 19. Nc2 Rac8 20. e4 Nb6 21. Nb4 Qb7
22. Nd3 Nfd7 23. Bxg7 Kxg7 24. Nf4 Red8 25. Nxe6+ fxe6 26. b4
Nf6 27. Nb3 Na4 28. Ra2 Qb8 29. Rc2 e5 30. Qa1 exd4 31. Nxd4
Qe5 32. Nf5+ 1-0

[Event "Women's Olympiad"]
[Site "Dresden GER"]
[Date "2008.11.21"]
[EventDate "2008.11.13"]
[Round "8"]
[Result "1/2-1/2"]
[White "Julia Novkovic"]
[Black "Kubra Ozturk"]
[WhiteElo "2161"]
[BlackElo "2254"]
[PlyCount "130"]

1. e4 e5 2. Nf3 Nc6 3. Bb5 a6 4. Bxc6 dxc6 5. Nc3 Qf6 6. d4
exd4 7. Qxd4 Qxd4 8. Nxd4 Bb4 9. Bd2 Bd7 10. O-O-O O-O-O
11. Nce2 Bc5 12. Bg5 f6 13. Be3 Ne7 14. Nf5 Bxe3+ 15. Nxe3
Rhe8 16. Nf4 Ng6 17. Nxg6 hxg6 18. f3 f5 19. h4 fxe4 20. f4
Be6 21. Rxd8+ Rxd8 22. Rd1 Rh8 23. g3 c5 24. a3 a5 25. Nd5 Re8
26. Ne3 b6 27. Kd2 Kb7 28. Ke2 Kc6 29. Rd2 b5 30. Kf2 Rb8
31. g4 a4 32. Kg3 b4 33. f5 bxa3 34. bxa3 gxf5 35. gxf5 Bg8
36. Kf4 Rb1 37. Rd1 Rb2 38. Kxe4 Ra2 39. Rd3 c4 40. Rc3 Kc5
41. Ke5 Ra1 42. Ng2 Bd5 43. Rg3 Rg1 44. Rxg7 Bxg2 45. Kf6 Kd4
46. Rg3 Rh1 47. c3+ Ke4 48. Rxg2 Rxh4 49. Rd2 c5 50. Ke6 Rh3
51. f6 Rxc3 52. Rf2 Rb3 53. f7 Rb8 54. f8=Q Rxf8 55. Rxf8 c3
56. Kd6 c2 57. Rf1 Kd4 58. Rc1 Kc3 59. Kxc5 Kb2 60. Rxc2+ Kxc2
61. Kc4 Kd2 62. Kd4 Kc2 63. Kc4 Kd2 64. Kb4 Kd3 65. Kxa4 Kc4
1/2-1/2

[Event "Women's Olympiad"]
[Site "Dresden GER"]
[Date "2008.11.22"]
[EventDate "2008.11.13"]
[Round "9"]
[Result "0-1"]
[White "Gabriela Avelar"]
[Black "Kubra Ozturk"]
[WhiteElo "2045"]
[BlackElo "2254"]
[PlyCount "82"]

1. e4 e5 2. Bc4 Nf6 3. d3 c6 4. Nf3 d5 5. exd5 cxd5 6. Bb5+
Bd7 7. Bxd7+ Nbxd7 8. O-O Bd6 9. Nbd2 O-O 10. Re1 Re8 11. Nf1
h6 12. Ng3 Qc7 13. Bd2 Rac8 14. c3 Qb6 15. Qb3 Qa6 16. d4 e4
17. Nh4 Nb6 18. Nhf5 Bf8 19. Bf4 Nc4 20. h4 Kh7 21. Qc2 g6
22. Ne3 Bd6 23. Bxd6 Qxd6 24. Ngf1 Nh5 25. Nxc4 Rxc4 26. Ne3
Rc7 27. Qd2 f5 28. g4 Ng7 29. g5 hxg5 30. hxg5 Qf4 31. Nf1
Qg4+ 32. Kh1 Ne6 33. Nh2 Qxg5 34. Qxg5 Nxg5 35. Kg2 Kg7
36. Kg3 Rh8 37. Rh1 Rh3+ 38. Kg2 Kf6 39. Rae1 Rch7 40. Re3 Nf3
41. Rxf3 exf3+ 0-1

[Event "Women's Olympiad"]
[Site "Dresden GER"]
[Date "2008.11.23"]
[EventDate "2008.11.13"]
[Round "10"]
[Result "1-0"]
[White "Kubra Ozturk"]
[Black "Guliskhan Nakhbayeva"]
[WhiteElo "2254"]
[BlackElo "2201"]
[PlyCount "77"]

1. d4 Nf6 2. Nf3 g6 3. c4 Bg7 4. g3 d5 5. cxd5 Nxd5 6. Bg2 O-O
7. O-O Nb6 8. Nc3 Nc6 9. e3 e5 10. dxe5 Qe7 11. Qe2 Bg4 12. h3
Be6 13. b3 Nxe5 14. Nxe5 Bxe5 15. Bb2 c6 16. f4 Bg7 17. Kh2 f5
18. e4 Qf7 19. e5 Rfd8 20. Rad1 Bf8 21. Rf3 a5 22. Rxd8 Rxd8
23. Rd3 Ra8 24. Qf2 Nd7 25. Na4 Ra6 26. Bd4 Qe7 27. Rc3 Qb4
28. Rc2 Kf7 29. Bf1 b5 30. Nb2 Qe7 31. a4 Bxb3 32. axb5 cxb5
33. Bxb5 Ra8 34. Rc7 Be6 35. Na4 Kg8 36. Nc5 Rb8 37. Bxd7 Bxd7
38. Rxd7 Qe6 39. Nxe6 1-0

[Event "Women's Olympiad"]
[Site "Dresden GER"]
[Date "2008.11.25"]
[EventDate "2008.11.13"]
[Round "11"]
[Result "0-1"]
[White "Inguna Erneste"]
[Black "Kubra Ozturk"]
[WhiteElo "2290"]
[BlackElo "2254"]
[PlyCount "78"]

1. e4 e5 2. Nf3 Nc6 3. Bb5 a6 4. Ba4 Nf6 5. O-O b5 6. Bb3 Bb7
7. d3 Be7 8. Re1 O-O 9. Nc3 d6 10. a3 Nd4 11. Nxd4 exd4
12. Ne2 c5 13. Nf4 Qd7 14. f3 d5 15. e5 Ne8 16. c3 c4 17. Bc2
dxc3 18. bxc3 Nc7 19. d4 a5 20. Bd2 Bc6 21. Nh5 f5 22. exf6
Bxf6 23. Qb1 Bh4 24. Bxh7+ Kh8 25. Re5 Qd6 26. Nf4 Be8 27. Bg6
Bf6 28. Rh5+ Kg8 29. Bxe8 Rfxe8 30. Ng6 Kf7 31. Qf5 Qe6
32. Ne5+ Ke7 33. Qc2 Qb6 34. Re1 Kd8 35. Nf7+ Kd7 36. Qf5+ Kc6
37. Ne5+ Kb7 38. Nd7 Bxd4+ 39. Kf1 Qc6 0-1

[Event "48th World Junior Championship (Girls)"]
[Site "Puerto Madryn ARG"]
[Date "2009.10.22"]
[EventDate "2009.10.22"]
[Round "1"]
[Result "0-1"]
[White "Bayar Anu"]
[Black "Kubra Ozturk"]
[WhiteElo "1876"]
[BlackElo "2176"]
[PlyCount "66"]

1. d4 d5 2. c4 dxc4 3. Nf3 Nf6 4. e3 e6 5. Bxc4 c5 6. O-O a6
7. Nc3 b5 8. Bb3 Bb7 9. Qe2 Nc6 10. Rd1 Qb6 11. d5 exd5
12. Nxd5 Nxd5 13. Bxd5 Be7 14. e4 O-O 15. Be3 Nb4 16. Bxb7
Qxb7 17. a3 Nc6 18. Rac1 Na5 19. Nd2 c4 20. Bd4 Nc6 21. Nb1
Rfe8 22. Be3 Bf6 23. f3 Ne5 24. Nc3 Nd3 25. Rb1 Rad8 26. Nd5
Rxd5 27. exd5 Bd4 28. Kf1 Rxe3 29. Qc2 Qxd5 30. Rxd3 Rxd3
31. b3 Rxf3+ 32. gxf3 Qxf3+ 33. Ke1 Bc3+ 0-1

[Event "48th World Junior Championship (Girls)"]
[Site "Puerto Madryn ARG"]
[Date "2009.10.23"]
[EventDate "2009.10.22"]
[Round "2"]
[Result "0-1"]
[White "Kubra Ozturk"]
[Black "Deysi Estela Cori Tello"]
[WhiteElo "2176"]
[BlackElo "2361"]
[PlyCount "116"]

1. d4 Nf6 2. c4 e6 3. Nf3 b6 4. e3 Bb7 5. Bd3 Be7 6. Nc3 O-O
7. O-O h6 8. Bc2 Bb4 9. Na4 Be7 10. a3 c5 11. Nc3 d5 12. cxd5
exd5 13. Nh4 Re8 14. Nf5 Bf8 15. Rb1 Nc6 16. Ne2 Qd7 17. Nf4
Ba6 18. Re1 g6 19. Ng3 cxd4 20. b4 dxe3 21. fxe3 Bc4 22. Bb2
Bg7 23. Qd2 Rad8 24. Rbd1 Qg4 25. Qf2 Ne5 26. e4 Qh4 27. Nh1
Qxf2+ 28. Nxf2 Nxe4 29. Bxe4 dxe4 30. Rxd8 Rxd8 31. Rxe4 f5
32. Rxc4 Nxc4 33. Bxg7 g5 34. Nh5 Kf7 35. Bc3 Kg6 36. Ng3 Nxa3
37. h4 Rd5 38. h5+ Kf7 39. Kf1 a5 40. bxa5 bxa5 41. Ke2 Nb1
42. Ba1 Nd2 43. Nd1 Nb3 44. Bc3 Nc1+ 45. Ke1 Nd3+ 46. Kf1 Nf4
47. Nb2 Rb5 48. Bh8 Rc5 49. Kf2 Rc2+ 50. Kf3 Ke6 51. Na4 Nxg2
52. Nc5+ Rxc5 53. Kxg2 a4 54. Ne2 Rc8 55. Bg7 Kf7 56. Bc3 a3
57. Kf3 Rb8 58. Nd4 Rb1 0-1

[Event "48th World Junior Championship (Girls)"]
[Site "Puerto Madryn ARG"]
[Date "2009.10.23"]
[EventDate "2009.10.22"]
[Round "3"]
[Result "1/2-1/2"]
[White "Melissa Greeff"]
[Black "Kubra Ozturk"]
[WhiteElo "2081"]
[BlackElo "2176"]
[PlyCount "117"]

1. e4 e5 2. Nf3 Nc6 3. d4 exd4 4. Nxd4 Bc5 5. Be3 Qf6 6. c3
Qg6 7. f3 Nge7 8. Qd2 Bxd4 9. cxd4 d5 10. Nc3 Be6 11. Bd3 f5
12. e5 O-O 13. Ne2 Nd8 14. O-O-O Bd7 15. Kb1 Qe8 16. Rhg1 Ba4
17. Rc1 Ne6 18. g4 Bb5 19. Bxb5 Qxb5 20. Nf4 Nxf4 21. Bxf4 Ng6
22. Bg3 Qd7 23. Rge1 Rae8 24. e6 Rxe6 25. Rxc7 Qe8 26. Rec1 f4
27. Be1 Rb6 28. Qa5 Rb5 29. Qxa7 Qe2 30. Qa3 Re8 31. R7c2 Qe6
32. Qd3 Rb6 33. Ba5 Ra6 34. Bb4 Raa8 35. Qb5 Nh4 36. Rc7 Nxf3
37. Qxb7 Qg6+ 38. Ka1 Nxd4 39. Qxd5+ Qe6 40. Qxe6+ Rxe6
41. Rd1 Ne2 42. Bc3 Rg6 43. h3 f3 44. Rf1 Rf8 45. Bb4 Rff6
46. Rc8+ Kf7 47. Rf8+ Ke6 48. Rxf3 Rxf3 49. Rxf3 Nd4 50. Rf2
h5 51. Bc3 hxg4 52. Bxd4 gxh3 53. Rh2 Rg3 54. b4 g5 55. b5 Rd3
56. Ba7 Kd7 57. b6 Kc6 58. Kb2 g4 59. Bb8 1/2-1/2

[Event "48th World Junior Championship (Girls)"]
[Site "Puerto Madryn ARG"]
[Date "2009.10.24"]
[EventDate "2009.10.22"]
[Round "4"]
[Result "0-1"]
[White "Kubra Ozturk"]
[Black "Emma Guo"]
[WhiteElo "2176"]
[BlackElo "1920"]
[PlyCount "69"]

1. d4 g6 2. c4 c5 3. Nf3 Bg7 4. g3 Nc6 5. d5 Ne5 6. Nxe5 Bxe5
7. Bg2 d6 8. Nd2 Bg7 9. O-O Nf6 10. e4 O-O 11. Rb1 b5 12. cxb5
a6 13. b6 Nd7 14. b3 Nxb6 15. Bb2 Bxb2 16. Rxb2 a5 17. f4 Rb8
18. Nf3 Bb7 19. h4 Qd7 20. Kh2 a4 21. Bh3 Qb5 22. h5 Nc4
23. Re2 axb3 24. axb3 Na5 25. hxg6 hxg6 26. f5 Qxb3 27. Qd2
Kg7 28. Qxa5 Ra8 29. Qd2 Ba6 30. Re3 Qb6 31. Rf2 Rh8 32. Kg2
Rab8 33. fxg6 f6 34. Nh4 Qc7 35. Qd1 0-1

[Event "48th World Junior Championship (Girls)"]
[Site "Puerto Madryn ARG"]
[Date "2009.10.25"]
[EventDate "2009.10.22"]
[Round "5"]
[Result "0-1"]
[White "Nargiz Umudova"]
[Black "Kubra Ozturk"]
[WhiteElo "2254"]
[BlackElo "2176"]
[PlyCount "82"]

1. b3 e5 2. Bb2 Nc6 3. e3 Nf6 4. Bb5 Bd6 5. d3 Ne7 6. d4 Ng6
7. Nf3 e4 8. Ne5 O-O 9. Nd2 c6 10. Be2 Bc7 11. c4 d5 12. Qc2
Re8 13. Nxg6 hxg6 14. h3 a5 15. Ba3 Be6 16. cxd5 Bxd5 17. Bc4
b5 18. Bxd5 cxd5 19. Bc5 Rc8 20. Qd1 Nd7 21. Rc1 Re6 22. O-O
f5 23. Qe2 b4 24. Rfe1 g5 25. Nf1 Rh6 26. Rc2 g4 27. Rec1 gxh3
28. g3 Bb6 29. Bxb6 Rxc2 30. Qxc2 Nxb6 31. Nh2 Nd7 32. Qe2 Qb6
33. Rc8+ Kh7 34. Qc2 Qb5 35. Rc7 Qd3 36. Qxd3 exd3 37. Kf1 Nf6
38. f3 Nh5 39. Rc1 Nxg3+ 40. Kf2 Rg6 41. Rg1 Ne4+ 0-1

[Event "48th World Junior Championship (Girls)"]
[Site "Puerto Madryn ARG"]
[Date "2009.10.26"]
[EventDate "2009.10.22"]
[Round "6"]
[Result "0-1"]
[White "Kubra Ozturk"]
[Black "Miranda Mikadze"]
[WhiteElo "2176"]
[BlackElo "2317"]
[PlyCount "64"]

1. d4 d5 2. c4 c6 3. e3 Bf5 4. Nf3 e6 5. Nc3 Nd7 6. Be2 h6
7. O-O Ngf6 8. Ne5 Nxe5 9. dxe5 Ne4 10. cxd5 exd5 11. Bg4 Qd7
12. Bxf5 Qxf5 13. Qd4 Be7 14. f3 Nxc3 15. bxc3 O-O 16. a4 b6
17. Ba3 c5 18. Qf4 Qd3 19. Rfd1 Qxc3 20. Rdc1 Qb3 21. Rcb1 Qc2
22. Qg4 Qc3 23. f4 Qxe3+ 24. Kh1 d4 25. Re1 Qc3 26. Qd7 Rfe8
27. f5 Bh4 28. g3 Bf6 29. e6 fxe6 30. fxe6 Qf3+ 31. Kg1 Re7
32. Qd6 d3 0-1

[Event "48th World Junior Championship (Girls)"]
[Site "Puerto Madryn ARG"]
[Date "2009.10.27"]
[EventDate "2009.10.22"]
[Round "7"]
[Result "1-0"]
[White "Inna Ivakhinova"]
[Black "Kubra Ozturk"]
[WhiteElo "2249"]
[BlackElo "2176"]
[PlyCount "120"]

1. e4 e5 2. Nf3 Nc6 3. Bc4 Nf6 4. d3 Be7 5. O-O O-O 6. Bb3 d6
7. c3 Kh8 8. Nbd2 Ng8 9. d4 f5 10. dxe5 dxe5 11. Nc4 Bf6
12. Qxd8 Rxd8 13. exf5 Bxf5 14. Re1 e4 15. Ng5 Bxg5 16. Bxg5
Rf8 17. Bc2 Rae8 18. Re3 h6 19. Bh4 g5 20. Bg3 Nf6 21. Re2 Re7
22. a4 Bg4 23. Re3 Rfe8 24. Rae1 Bf5 25. R3e2 Kg7 26. Rd2 a6
27. b4 b5 28. Ne3 Bg6 29. Ra1 Ne5 30. axb5 axb5 31. Ra7 Nd3
32. Rxc7 Rxc7 33. Bxc7 Rc8 34. Bxd3 exd3 35. Be5 Kf7 36. f3
Ke6 37. Bd4 Nd5 38. Nd1 Ra8 39. Kf2 Ra3 40. g3 Rb3 41. Ra2 Rb1
42. Ke1 Rc1 43. Kd2 Rc2+ 44. Rxc2 dxc2 45. Nf2 Ne7 46. Ng4 Nf5
47. Bc5 h5 48. Nf2 Nh6 49. Be3 Nf7 50. Nd3 Kd5 51. Ne1 g4
52. fxg4 hxg4 53. Bf4 Kc4 54. Nxc2 Bxc2 55. Kxc2 Nd8 56. Kd2
Nc6 57. Bd6 Nd8 58. Ke3 Kd5 59. Bc5 Ke5 60. Bd4+ Kf5 1-0

[Event "48th World Junior Championship (Girls)"]
[Site "Puerto Madryn ARG"]
[Date "2009.10.29"]
[EventDate "2009.10.22"]
[Round "8"]
[Result "0-1"]
[White "Kubra Ozturk"]
[Black "Mary Ann Gomes"]
[WhiteElo "2176"]
[BlackElo "2396"]
[PlyCount "118"]

1. d4 e6 2. c4 f5 3. Nf3 Nf6 4. g3 d5 5. Bg2 c6 6. O-O Bd6
7. Bf4 Bxf4 8. gxf4 Nbd7 9. Ne5 O-O 10. Nd2 Nxe5 11. dxe5 Nd7
12. Qc2 Qe7 13. Rac1 Rf7 14. Nf3 h6 15. Qd2 Nf8 16. cxd5 exd5
17. Nd4 Ne6 18. b4 Bd7 19. b5 c5 20. Nxe6 Bxe6 21. Rfd1 Rd8
22. b6 axb6 23. Rb1 Qc7 24. Qb2 d4 25. a4 Bc4 26. Rdc1 Ba6
27. Bf3 c4 28. Qxb6 Qxb6 29. Rxb6 d3 30. exd3 cxd3 31. Kg2 Kf8
32. Bh5 d2 33. Rcb1 Rc7 34. e6 Ke7 35. Bd1 Rc1 36. a5 Rxb1
37. Rxb1 Kxe6 38. f3 Kd5 39. Kf2 Kd4 40. Rb4+ Kc5 41. Rb2 Rd3
42. h4 Rd7 43. Ke3 Bc4 44. Rxd2 Rxd2 45. Kxd2 Kb4 46. Ke3 Kxa5
47. Kd4 Kb4 48. Bc2 Be2 49. Ke5 Kc3 50. Bxf5 Bxf3 51. Ke6 Kd4
52. Bb1 Be4 53. Ba2 Ke3 54. Ke5 b5 55. f5 Bc2 56. h5 Kf3
57. Be6 Kg3 58. Bf7 b4 59. Bg6 b3 0-1

[Event "48th World Junior Championship (Girls)"]
[Site "Puerto Madryn ARG"]
[Date "2009.10.30"]
[EventDate "2009.10.22"]
[Round "9"]
[Result "0-1"]
[White "Sabrina Reginato"]
[Black "Kubra Ozturk"]
[WhiteElo "1880"]
[BlackElo "2176"]
[PlyCount "54"]

1. e4 e5 2. Nf3 Nc6 3. d4 exd4 4. Nxd4 Bc5 5. Be3 Qf6 6. c3
Qg6 7. Qf3 Bxd4 8. cxd4 Nb4 9. Na3 Ne7 10. Nb5 O-O 11. Nxc7
Rb8 12. d5 Nc2+ 13. Kd2 Nxa1 14. Bxa7 d6 15. Be2 f5 16. Rxa1
fxe4 17. Qg3 Qf6 18. Qc3 Qg5+ 19. Qe3 Qxg2 20. Bxb8 Nf5
21. Qf4 Nd4 22. Qe3 Nxe2 23. Kxe2 Bg4+ 24. Kd2 Rxf2+ 25. Kc3
Rf3 26. Ba7 Rxe3+ 27. Bxe3 Qe2 0-1

[Event "48th World Junior Championship (Girls)"]
[Site "Puerto Madryn ARG"]
[Date "2009.11.03"]
[EventDate "2009.10.22"]
[Round "13"]
[Result "1-0"]
[White "Soumya Swaminathan"]
[Black "Kubra Ozturk"]
[WhiteElo "2297"]
[BlackElo "2176"]
[PlyCount "71"]

1. e4 e5 2. Nf3 Nc6 3. Bb5 a6 4. Ba4 Nf6 5. O-O b5 6. Bb3 Bb7
7. d3 Be7 8. a4 O-O 9. Re1 d6 10. Nbd2 Na5 11. Ba2 c5 12. Nf1
h6 13. Ne3 Re8 14. Bd2 Nc6 15. c3 Bf8 16. axb5 axb5 17. Qb3
Qd7 18. Qxb5 Ba6 19. Bxf7+ Qxf7 20. Rxa6 Rxa6 21. Qxa6 Qc7
22. b4 Kh7 23. b5 Nb8 24. Qa4 Nbd7 25. Ra1 Rb8 26. c4 Nb6
27. Ba5 Ra8 28. Qd1 Ra7 29. Ra4 Be7 30. Nf5 Bf8 31. Bxb6 Qxb6
32. Qa1 Rf7 33. Ra8 Nh5 34. Qa6 Qc7 35. b6 Qd7 36. Ra7 1-0

[Event "European Individual Championships (Women)"]
[Site "Rijeka CRO"]
[Date "2010.03.06"]
[EventDate "2010.03.06"]
[Round "1"]
[Result "1-0"]
[White "Nana Dzagnidze"]
[Black "Kubra Ozturk"]
[WhiteElo "2479"]
[BlackElo "2260"]
[PlyCount "74"]

1. c4 e5 2. Nc3 Nf6 3. g3 d5 4. cxd5 Nxd5 5. Bg2 Nb6 6. d3 Nc6
7. Nf3 Be7 8. O-O O-O 9. b3 Be6 10. Bb2 f6 11. Rc1 a5 12. a3
Qe8 13. Nb5 Rc8 14. Nd2 Nd5 15. Nc4 Qd7 16. d4 exd4 17. Nxd4
Nxd4 18. Qxd4 b5 19. Nxa5 c5 20. Qd2 Rfd8 21. Rfd1 Qa7 22. Qe1
b4 23. Nc4 bxa3 24. Bxa3 Nb6 25. Rxd8+ Rxd8 26. Na5 Rc8
27. Qc3 Nd5 28. Qd2 Nb6 29. Bb2 Rd8 30. Qe3 Qd7 31. Nc6 Rc8
32. Nxe7+ Qxe7 33. Ba3 Nd7 34. b4 c4 35. Bd5 Kf7 36. b5 Qe8
37. Bc6 Bh3 1-0